000 00312nam a2200133Ia 4500
100 _aMukhopadhyay/A.K
942 _cBK
654 _amicroprocessors
245 _aMicroprocessors Microcomputer and their applications
260 _bNarosa Pub
_c1996
082 _a4.16
_bMUK
300 _a342
546 _aENGLISH
999 _c21286
_d21286